| 000 | 00492nam a22001697a 4500 | ||
|---|---|---|---|
| 005 | 20250311220243.0 | ||
| 008 | 250311b |||||||| |||| 00| 0 eng d | ||
| 050 |
_aKF412 _b.H39 2000 |
||
| 100 | _aHay, Peter | ||
| 245 |
_aConflict of Laws : Cases and Materials _cHay, Peter |
||
| 250 | _a11th ed. | ||
| 260 |
_aNew York ; _bFoundation Press. _cc2000 |
||
| 300 | _alxiv, 1026 p, ; | ||
| 500 | _aIncludes index, cases and materials | ||
| 700 | _aWeintraub, Russell J. | ||
| 942 |
_2lcc _cBK _n0 |
||
| 999 |
_c4700 _d4700 |
||